000
00207nam a2200085Ia 4500
008
170620s9999 xx 000 0 und d
100
_a
DR.PANDEY.J.N
245
0
_a
BHARAT KA SAMVDHAN
260
_b
"ALLAHABAD
260
_c
CENTRAL LAW AGENCY"
999
_c
29668
_d
29668